Score 0/20 Timer 02:30
0 Plays Today
Question Answer Wrong Answers
Exquisite Thumbs up
96%
0.6%
Dazzling Thumbs up
96%
0.8%
Breathtaking Thumbs up
95.9%
0.6%
Incoherent Thumbs down
95.3%
1.4%
Dreary Thumbs down
94.9%
1.7%
Underwhelming Thumbs down
94.9%
1.7%
Abysmal Thumbs down
94.3%
2.4%
Excruciating Thumbs down
93.7%
3.1%
Dire Thumbs down
93.1%
3.6%
Absorbing Thumbs up
92.4%
4.4%
Scintillating Thumbs up
91.6%
5.2%
Trite Thumbs down
90.9%
5.9%
Uproarious Thumbs up
90.3%
6.4%
Delectable Thumbs up
89.7%
7.1%
Pedestrian Thumbs down
88.8%
7.9%
Sublime Thumbs up
86.5%
10.1%
Vapid Thumbs down
85.8%
10.7%
Execrable Thumbs down
82.3%
14.2%
Mesmerizing Thumbs up
75.3%
21.6%
Peerless Thumbs up
69.7%
27.3%

Today's Daily Dose

Word Ladder
Manners?

Quick Pick
Bat and Ball

Get the Picture
Disney Villains VI

You're not logged in!

Compare scores with friends on all Sporcle quizzes.
OR
Log In

Sporcle TV

Today on Sporcle TV


Watch our educational content, quiz creation guides, and fun videos on Sporcle TV.

Show Comments

Extras

Top Quizzes Today


Score Distribution

Paid Content

Your Account Isn't Verified!

In order to create a playlist on Sporcle, you need to verify the email address you used during registration. Go to your Sporcle Settings to finish the process.

Report this User

Report this user for behavior that violates our Community Guidelines.

Details: